[Event "ICS rated blitz match"]
[Site "207.99.83.227"]
[Date "1999.04.02"]
[Round "?"]
[White "Hossa"]
[Black "Amateur"]
[Result "0-1"]
[WhiteElo "2453"]
[BlackElo "2461"]
[Annotator "Crafty v16.6"]
[PlyCount "74"]

{annotating for player Hossa using a scoring margin of +0.10 pawns. search
time limit is 12.00} 1. e4 1... c5 2. Bc4 Nf6 3. e5 d5 4. exd6 exd6 5. Nf3 Be7
6. O-O O-O 7. Nc3 d5 8. Be2 d4 9. Nb5 Nc6 10. d3 Qb6 11. a4 a6 12. Na3 Be6 13.
Ng5 Bf5 14. Nc4 Qc7 15. Re1 b5 16. Bf3 bxc4 17. Bxc6 Qxc6 18. Rxe7 cxd3 19.
cxd3 Rae8 20. Rxe8 Rxe8 21. f3 c4 22. dxc4 d3 23. g4 Bg6 24. b3 Re2 25. Bf4 h6
26. Nh3 Qxf3 27. Qf1 Qxg4+ 28. Bg3 Ne4 29. Qf4 Qxh3 30. Qf1 Qh5 31. Qf4 Qc5+
32. Bf2 Nxf2 33. Rf1 Qg5+ 34. Qxg5 Nh3+ 35. Kh1 Be4+ 36. Rf3 Bxf3+ 37. Qg2 Re1#
0-1

[Event "ICS rated blitz match"]
[Site "207.99.83.227"]
[Date "1999.04.02"]
[Round "?"]
[White "Hossa"]
[Black "Secret"]
[Result "1-0"]
[WhiteElo "2455"]
[BlackElo "2781"]
[PlyCount "81"]

1. e4 e5 2. Nf3 Nc6 3. Bb5 a6 4. Bxc6 bxc6 5. Nxe5 Qe7 6. d4 f6 7. Nc4 Qxe4+ 8.
Ne3 Bb7 9. O-O O-O-O 10. Nc3 Qg6 11. Ne2 Bd6 12. Re1 Re8 13. Nc4 c5 14. d5 Qe4
15. Nxd6+ cxd6 16. Bf4 Ne7 17. f3 Qb4 18. b3 Nxd5 19. Bg3 Re6 20. a3 Qa5 21. a4
Rhe8 22. Rc1 Bc6 23. Bf2 Qb6 24. Ra1 a5 25. c3 Qa6 26. c4 Ne7 27. Ng3 Rxe1+ 28.
Qxe1 Kd8 29. Qd2 Kc7 30. Re1 g6 31. Qf4 Qb6 32. Qxf6 Ng8 33. Qf7 Rb8 34. Re3 g5
35. Qxh7 d5 36. Ne4 Rd8 37. Nxg5 Nf6 38. Qe7 d4 39. Re5 Kc8 40. Qxf6 Qxb3 41.
Qf5 {Secret resigns} 1-0

[Event "ICS Rated blitz match"]
[Site "207.99.83.227"]
[Date "1999.04.02"]
[Round "?"]
[White "sanya"]
[Black "Hossa"]
[Result "0-1"]
[WhiteElo "2115"]
[BlackElo "2509"]
[PlyCount "86"]

1. e4 c5 2. Nf3 Nc6 3. d4 cxd4 4. Nxd4 Qb6 5. c3 Nf6 6. Bd3 Nxd4 7. cxd4 Qxd4
8. O-O Nxe4 9. Bxe4 Qxe4 10. Nc3 Qc6 11. Bf4 d6 12. Rc1 Be6 13. Re1 Qb6 14. Be3
Qxb2 15. Bd4 Qb4 16. Rb1 Qc4 17. Rxb7 a6 18. Qd2 Rc8 19. Reb1 Bd7 20. h4 Qe6
21. Be3 Bc6 22. Ra7 Qg4 23. Nd5 Bxd5 24. Qxd5 f6 25. Rbb7 Qc4 26. Qf5 e6 27.
Qa5 Qc6 28. Rb6 Qc4 29. Rbxa6 Be7 30. Qh5+ g6 31. Qh6 Bf8 32. Qf4 Qxf4 33. Bxf4
e5 34. Be3 f5 35. Rb7 f4 36. Bb6 h6 37. Raa7 g5 38. h5 Rg8 39. Ba5 g4 40. Bb4
Rc1+ 41. Kh2 g3+ 42. fxg3 fxg3+ 43. Kh3 43... Rh1# {sanya checkmated} 0-1

[Event "ICS Rated blitz match"]
[Site "207.99.83.227"]
[Date "1999.04.02"]
[Round "?"]
[White "Hossa"]
[Black "sanya"]
[Result "1-0"]
[WhiteElo "2512"]
[BlackElo "2147"]
[PlyCount "33"]

1. e4 c5 2. Bc4 e6 3. Nc3 Nf6 4. Nf3 d6 5. d4 cxd4 6. Nxd4 a6 7. Bg5 Be7 8. Qd2
b5 9. Bd3 Bb7 10. O-O O-O 11. Rad1 Qc7 12. a3 Nbd7 13. Kh1 Nc5 14. Qe2 Nfxe4
15. Nxe4 Bxe4 16. Bxe4 Nxe4 17. Bxe7 {sanya resigns} 1-0

[Event "ICS Rated blitz match"]
[Site "207.99.83.227"]
[Date "1999.04.02"]
[Round "?"]
[White "Hossa"]
[Black "chessmastter"]
[Result "0-1"]
[WhiteElo "2518"]
[BlackElo "2243"]
[Annotator "Crafty v16.6"]
[PlyCount "94"]

{annotating for player Hossa using a scoring margin of +0.10 pawns. search
time limit is 12.00} 1. e4 1... e5 2. Nf3 Nc6 3. Bc4 Be7 4. Nc3 Nf6 5. d3 ({
8:-0.26} 5. d3 5... O-O 6. O-O d6 7. d4 Bg4 8. dxe5 Nxe5 9. Be2 $10) ({8:+0.04
} 5. d4 5... exd4 6. Nxd4 Ne5 7. Bb5 O-O 8. O-O 8... Bb4 $10) 5... d6 6. Bg5
Be6 7. Bb5 ({9:-0.39} 7. Bb5 7... O-O 8. d4 exd4 9. Nxd4 Nxd4 10. Qxd4 c5 11.
Qd3 Ng4 12. Bf4 $15) ({9:-0.05} 7. Bxe6 7... fxe6 8. Qd2 Qd7 9. d4 exd4 10.
Nxd4 Nxd4 11. Qxd4 e5 12. Qe3 12... Qg4 $10) 7... Nd7 8. Bxc6 ({8:-0.17} 8.
Bxc6 8... bxc6 9. Bxe7 Qxe7 10. d4 Bg4 11. d5 c5 12. Nb5 12... Nb6 $10) ({
8:-0.02} 8. Bxe7 8... Qxe7 9. d4 Bg4 10. Nd5 Qd8 11. Bxc6 bxc6 12. Nb4 12... c5
$10) 8... Bxg5 9. Bxb7 Rb8 10. Bc6 ({9:-0.30} 10. Bc6 10... Rxb2 11. d4 O-O 12.
Bxd7 Bxd7 13. dxe5 Bg4 14. exd6 cxd6 15. O-O Bxf3 16. Qxf3 16... Rxc2 $10) ({
9:-0.01} 10. Bd5 10... Bxd5 11. Nxd5 Rxb2 12. Nxg5 Qxg5 13. O-O c5 14. Nc7+ Kd8
15. Nd5 15... Ke8 $10) 10... Rxb2 11. Rb1 ({7:-0.48} 11. Rb1 11... Rxb1 12.
Qxb1 O-O 13. Qb7 Bf4 14. Qxa7 14... Nc5 $15) ({7:-0.30} 11. d4 11... O-O 12.
Bxd7 Bxd7 13. dxe5 Bg4 14. exd6 cxd6 15. O-O Bxf3 16. Qxf3 16... Rxc2 $10)
11... Rxb1 12. Qxb1 O-O 13. Qd1 ({8:-0.89} 13. Qd1 13... Nb8 14. Ba4 Bg4 15.
O-O c5 16. Nd5 16... Na6 $17) ({8:-0.24} 13. Qb7 13... Nb8 14. Bd5 Bg4 15. Qxa7
Bxf3 16. gxf3 c6 17. Bc4 $10) 13... Nb8 14. Bb7 Bh6 15. O-O ({9:-0.91} 15. O-O
15... c6 16. d4 Bc4 17. Re1 Qd7 18. Qb1 exd4 19. Nxd4 19... Bf4 $17) ({9:-0.60
} 15. d4 15... c6 16. dxe5 Qc7 17. Qb1 dxe5 18. O-O Bg4 19. Nh4 $15) 15... c6
16. a3 Qe7 17. Qb1 Bg4 18. Ne1 Bd2 19. f3 Be6 20. Ne2 Be3+ 21. Kh1 Bb6 22. a4
f5 23. exf5 Rxf5 24. Ba8 Rh5 25. g4 Rh6 26. Ng2 Qe8 27. Qe1 Na6 28. a5 Bc5 29.
Bb7 Nb4 30. Qd1 Qb8 31. a6 d5 32. g5 Rh3 33. f4 Bg4 34. Qd2 e4 35. dxe4 dxe4
36. Ng3 Qe8 37. Qc3 Qe7 38. Qc4+ Be6 39. Qxe4 Bd7 40. g6 Qd6 41. gxh7+ Rxh7 42.
Qe2 Nd5 43. Ne4 Rxh2+ 44. Kxh2 Qh6+ 45. Qh5 Qxh5+ 46. Nh4 Qxh4+ 47. Kg2 Qh3#
0-1

[Event "ICS Rated blitz match"]
[Site "207.99.83.227"]
[Date "1999.04.02"]
[Round "?"]
[White "Hossa"]
[Black "Secret"]
[Result "1/2-1/2"]
[WhiteElo "2503"]
[BlackElo "2702"]
[PlyCount "158"]

1. e4 e5 2. Nf3 Nf6 3. Nc3 Bb4 4. Nxe5 Qe7 5. Nf3 Nxe4 6. Nxe4 d5 7. c3 dxe4 8.
Nd4 Bd6 9. Bc4 O-O 10. O-O Qe5 11. g3 Bh3 12. Re1 Nd7 13. d3 Nf6 14. dxe4 Qc5
15. Bd3 Ng4 16. Qb3 Rab8 17. Qd5 Ne5 18. Bb5 Qb6 19. Bf4 Be6 20. Nxe6 Nf3+ 21.
Kh1 fxe6 22. Qxe6+ Kh8 23. Re3 Qxb5 24. Rxf3 Qe2 25. Kg2 Rbe8 26. Qd5 Bxf4 27.
Rxf4 Rxf4 28. gxf4 Qg4+ 29. Kf1 Qf3 30. Rd1 c6 31. Qd3 Qxf4 32. Kg1 Qf7 33. c4
Qg6+ 34. Kh1 Rxe4 35. f3 Re8 36. Qxg6 hxg6 37. b4 Re2 38. Rd7 Rxa2 39. Rxb7 Rb2
40. Rc7 Rxb4 41. Rxc6 Kg8 42. c5 Rc4 43. Kg2 Kf7 44. Rc7+ Kf6 45. Kg3 a5 46. f4
Kf5 47. Rf7+ Ke6 48. Rxg7 Kf5 49. Rf7+ Ke6 50. Rc7 Kf5 51. c6 Rc3+ 52. Kf2 Kxf4
53. Rf7+ Ke4 54. c7 a4 55. Rd7 Ke5 56. h4 Ke4 57. Re7+ Kf4 58. Rd7 Rc2+ 59. Kg1
Kg4 60. Rd4+ Kg3 61. Rd3+ Kxh4 62. Rd4+ Kg3 63. Rd3+ Kf4 64. Rd4+ Kf3 65. Rxa4
Rc1+ 66. Kh2 Rxc7 67. Ra3+ Kf4 68. Kg2 Rc2+ 69. Kh3 Rc4 70. Kg2 g5 71. Rf3+ Kg4
72. Rg3+ Kf5 73. Rf3+ Ke4 74. Rf2 Rc3 75. Rf1 g4 76. Rf8 Rd3 77. Re8+ Kf4 78.
Rf8+ Ke5 79. Rg8 79... Kf5 {Game drawn by mutual agreement} 1/2-1/2

[Event "ICS rated blitz match"]
[Site "207.99.83.227"]
[Date "1999.04.02"]
[Round "?"]
[White "Secret"]
[Black "Hossa"]
[Result "1-0"]
[WhiteElo "2694"]
[BlackElo "2511"]
[Annotator "Crafty v16.6"]
[PlyCount "129"]

{annotating for player Hossa using a scoring margin of +0.10 pawns. search
time limit is 12.00} 1. e4 1... c5 2. Nf3 Nc6 3. c3 Nf6 4. d3 e5 ({9:-0.59} 
4... e5 5. c4 Nd4 6. Nxe5 d6 7. Nf3 Bg4 8. Be3 Be7 9. Bxd4 9... cxd4 $14) ({
9:-0.18} 4... d5 5. exd5 Nxd5 6. Be2 Qd6 7. O-O Nf4 8. Bxf4 Qxf4 9. Qd2 9...
Qg4 $10) 5. Be2 Be7 ({9:-0.75} 5... Be7 6. c4 d6 7. O-O Bg4 8. Nc3 Qd7 9. Bg5
9... O-O-O $16) ({9:-0.24} 5... d5 6. exd5 Qxd5 7. c4 Qd6 8. Nc3 Nd4 9. O-O Bf5
10. Re1 $10) 6. Na3 d5 7. exd5 Qxd5 8. Nb5 Qd8 9. Bd2 Qb6 ({8:+0.07} 9... Qb6
10. Na3 Be6 11. Qc2 O-O 12. O-O Qd8 13. Nc4 $10) ({8:+0.31} 9... O-O 10. O-O
Bf5 11. Bg5 Ng4 12. Bxe7 Qxe7 13. Nfd4 Nxd4 14. Nxd4 $15) 10. a4 a6 11. Na3 Be6
12. Nc2 O-O ({8:+0.59} 12... O-O 13. Ng5 Bd7 14. O-O Qxb2 15. Rb1 Qa2 16. Rxb7
$15) ({8:+0.88} 12... Qxb2 13. Rb1 Qa2 14. Ne3 O-O 15. O-O Rab8 16. Ng5 $17)
13. Ng5 Bd5 14. a5 Nxa5 15. c4 Nb3 16. cxd5 Nxa1 17. Qxa1 Nxd5 18. O-O Qb3 19.
Ne1 Rad8 20. Bd1 Qb5 21. Ngf3 Bd6 22. Ba4 Qb6 23. Nc2 Bb8 24. Bg5 f6 25. Bd2
Kh8 26. Rd1 Qe6 27. Bb3 Qc6 28. Qa2 Nb6 29. Nce1 Bc7 30. Ra1 e4 31. dxe4 Qxe4
32. Be3 Bd6 33. Rc1 Rc8 34. Qa5 Qc6 35. Nd4 Bxh2+ 36. Kh1 Qe8 37. Ne6 Bc7 38.
Nxc7 Qh5+ 39. Kg1 Nd7 40. Ne6 Rfe8 41. Nd3 Qf5 42. Ndf4 g5 43. Nd4 Qe4 44. Bc2
Qe7 45. Nf5 Qe5 46. Ne2 Rcd8 47. Nc3 Rc8 48. Rd1 Qc7 49. Qa2 Rf8 50. Ne4 Rcd8
51. Nfd6 Ne5 52. Qe6 Nc6 53. Nxc5 b6 54. Nxa6 Qd7 55. Qe4 Ra8 56. Nf5 Qb7 57.
Nb4 Na5 58. Nd5 b5 59. Bxg5 Ra6 60. Bh6 Re6 61. Qxe6 Qf7 62. Qxf6+ Qxf6 63.
Nxf6 Rg8 64. Rd8 Rxd8 65. Bg7# 1-0

[Event "ICS Rated blitz match"]
[Site "207.99.83.227"]
[Date "1999.04.02"]
[Round "?"]
[White "Hossa"]
[Black "ColonialPast"]
[Result "1-0"]
[WhiteElo "2503"]
[BlackElo "2052"]
[PlyCount "145"]

1. e4 c6 2. Nc3 d5 3. exd5 cxd5 4. Nf3 Nf6 5. Bb5+ Bd7 6. O-O e6 7. Re1 a6 8.
Be2 Bd6 9. d3 h6 10. Be3 Nc6 11. Nd4 O-O 12. Nxc6 bxc6 13. Qc1 c5 14. Bxh6 gxh6
15. Qxh6 d4 16. Bf3 dxc3 17. Qg5+ Kh8 18. Bxa8 cxb2 19. Rab1 Nh7 20. Qxd8 Rxd8
21. Bb7 Rb8 22. Rxb2 Bc6 23. Reb1 Rxb7 24. Rxb7 Bxb7 25. Rxb7 Kg7 26. Ra7 Nf6
27. Rxa6 Be5 28. g3 Bd4 29. Kg2 Ng4 30. Ra4 Ne5 31. h4 Nc6 32. Ra3 Bb2 33. Rb3
Bd4 34. a3 Ne7 35. a4 Nd5 36. a5 Nc7 37. h5 c4 38. dxc4 Na6 39. Rb6 Bxb6 40.
axb6 Nc5 41. g4 f5 42. g5 e5 43. Kh3 Kf7 44. g6+ Kg7 45. Kh4 Kh6 46. f3 Nb7 47.
Kg3 Nc5 48. Kh3 Nb7 49. Kg2 Nc5 50. c3 Nb7 51. Kg3 Nc5 52. Kh3 Nb7 53. Kg2 Nc5
54. Kf2 Nb7 55. Ke3 Nc5 56. Ke2 Nb7 57. Kd1 Nc5 58. Kc2 Nb7 59. Kb1 Nc5 60. Kc1
Nb7 61. Kc2 Nc5 62. Kd2 Nb7 63. Ke2 Nc5 64. Ke1 Nb7 65. Kf2 Nc5 66. Ke3 Nb7 67.
f4 e4 68. Kd4 Kg7 69. c5 Nxc5 70. Kxc5 e3 71. b7 e2 72. b8=Q e1=Q 73. Qa7+ {
ColonialPast resigns} 1-0

[Event "ICS Rated blitz match"]
[Site "207.99.83.227"]
[Date "1999.04.02"]
[Round "?"]
[White "Hossa"]
[Black "TDChess"]
[Result "0-1"]
[WhiteElo "2505"]
[BlackElo "2543"]
[Annotator "Crafty v16.6"]
[PlyCount "178"]

{annotating for player Hossa using a scoring margin of +0.10 pawns. search
time limit is 12.00} 1. e4 1... e6 2. Nf3 d5 3. exd5 exd5 4. d4 ({8:+0.10} 4.
d4 4... Nf6 5. Bb5+ c6 6. Bd3 Bb4+ 7. Bd2 Bxd2+ 8. Nbxd2 O-O 9. O-O 9... Bg4
$10) ({8:+0.98} 4. Bb5+ $16) 4... Nf6 5. Bb5+ Bd7 6. Bxd7+ Qxd7 7. Ne5 Qb5 8.
a4 Qa6 9. Bg5 Nbd7 10. Bf4 ({7:-0.64} 10. Bf4 10... O-O-O 11. Nxf7 Qe6+ 12. Ne5
Bd6 13. Qe2 13... Rhe8 $15) ({7:-0.28} 10. Nc3 10... Bb4 11. Qd3 Nxe5 12. Qxa6
bxa6 13. dxe5 Bxc3+ 14. bxc3 14... Ne4 $10) 10... Bb4+ 11. c3 Bd6 12. b4 O-O
13. b5 Qb6 14. O-O Rfe8 15. Nxd7 Nxd7 16. Qf3 Bxf4 17. Qxf4 Re6 18. Nd2 Rae8
19. Nf3 Re4 20. Qg5 Qd6 21. Rae1 f6 22. Qh5 g6 23. Qh3 Nb6 24. Ra1 g5 25. Qh5
Qd7 26. Kh1 Kg7 27. h4 h6 28. Ra2 g4 29. Nh2 Re1 30. Ra1 Rxa1 31. Rxa1 f5 32.
Nf1 Nc4 33. Ng3 Nd6 34. f3 Re3 35. Nf1 Rxc3 36. fxg4 Qe6 37. g5 Rc4 38. Rd1
Rxa4 39. Ng3 Kh7 40. Ne2 Qg6 41. Qxg6+ Kxg6 42. Nf4+ Kh7 43. g6+ Kh8 44. Nxd5
Nxb5 45. Ne7 Nd6 46. h5 a5 47. Nd5 c6 48. Nb6 Rb4 49. Nd7 a4 50. Kg1 a3 51. Ra1
Ra4 52. Nc5 Ra7 53. Ne6 a2 54. Kf2 Ne4+ 55. Ke1 Ng3 56. Nf4 Ra4 57. Kf2 Ne4+
58. Ke3 Ra3+ 59. Nd3 Ng3 60. Kd2 Nxh5 61. Kc2 Kg7 62. Nc5 b5 63. Kb2 Rg3 64.
Ne6+ Kg8 65. Rxa2 Rxg2+ 66. Kb3 Rxa2 67. Kxa2 f4 68. Nc5 f3 69. Ne4 Kg7 70. Nf2
Kxg6 71. Ng4 Kg5 72. Nf2 Kf4 73. d5 cxd5 74. Kb3 Kg3 75. Nd1 f2 76. Nxf2 Kxf2
77. Kc2 d4 78. Kd2 b4 79. Kd1 b3 80. Kd2 b2 81. Kc2 d3+ 82. Kxb2 d2 83. Kb3
d1=Q+ 84. Kb4 Qc2 85. Kb5 Nf4 86. Kb6 Qc4 87. Ka7 Nd5 88. Kb7 Qc7+ 89. Ka6 Qb6#
0-1

[Event "ICS Rated blitz match"]
[Site "207.99.83.227"]
[Date "1999.04.02"]
[Round "?"]
[White "egya"]
[Black "Hossa"]
[Result "0-1"]
[WhiteElo "2158"]
[BlackElo "2491"]
[PlyCount "46"]

1. b3 d5 2. Bb2 Bg4 3. Nf3 e6 4. Ne5 Bh5 5. g4 Bg6 6. d3 Bb4+ 7. Nd2 Bxd2+ 8.
Qxd2 f6 9. Nxg6 hxg6 10. g5 Nc6 11. O-O-O Qd6 12. f4 O-O-O 13. h4 Kb8 14. Bg2
e5 15. e3 exf4 16. exf4 Nge7 17. Rde1 Nf5 18. Bf3 Nxh4 19. Bg4 Rdf8 20. Qf2
fxg5 21. Bxg7 Rxf4 22. Qg3 Rd8 23. Re6 23... Rf1+ {egya resigns} 0-1

[Event "ICS rated blitz match"]
[Site "207.99.83.227"]
[Date "1999.04.02"]
[Round "?"]
[White "Hossa"]
[Black "TDChess"]
[Result "0-1"]
[WhiteElo "2495"]
[BlackElo "2557"]
[Annotator "Crafty v16.6"]
[PlyCount "148"]

{annotating for player Hossa using a scoring margin of +0.10 pawns. search
time limit is 12.00} 1. e4 1... e6 2. d4 d5 3. Nd2 f5 4. exf5 exf5 5. Bd3 Nf6
6. Ne2 Nc6 7. O-O Bd6 8. Nf3 O-O 9. Bg5 h6 10. Bf4 Bxf4 11. Nxf4 Qd6 12. Ng6
Re8 13. Bb5 Bd7 14. Bxc6 Bxc6 15. Qd3 Qb4 16. a3 Qb6 17. b3 Re4 18. Rad1 Rae8
19. Nfe5 Bb5 20. c4 Ba6 21. Qc3 c5 22. dxc5 Qxc5 23. a4 dxc4 24. Nd7 Qc6 25.
Nxf6+ gxf6 26. f3 Qb6+ 27. Kh1 Re3 28. Qd2 cxb3 29. Rg1 Bc4 30. Nf4 Qc5 31. Qf2
Bf7 32. Qh4 Kg7 33. Qg3+ Kh7 34. Qh3 Qa5 35. Rd7 R3e7 36. Nd5 Bxd5 37. Qxf5+
Kg7 38. Qxd5 Qxa4 39. Rxb7 Rxb7 40. Qxb7+ Kg6 41. Qd5 b2 42. g4 Rb8 43. Qf5+
Kg7 44. Rb1 Qc6 45. h4 Qc1+ 46. Kh2 Rd8 47. Qe4 Kh8 48. Kh3 Rg8 49. Qf5 Rf8 50.
Qd3 Rf7 51. Qg6 Rg7 52. Qe4 a5 53. Qd3 Rg8 54. Qf5 Qc3 55. Qf4 Kg7 56. Qe4 h5
57. gxh5 Kh6 58. Qf4+ Kxh5 59. Qf5+ Kh6 60. Qf4+ Kg7 61. Qg3+ Kh8 62. Qf2 Qc1
63. Qxb2 Qf4 64. Qf2 Qf5+ 65. Kh2 Qxb1 66. f4 a4 67. Qf3 Qc2+ 68. Kh1 Qh7 69.
h5 a3 70. f5 a2 71. Kh2 a1=Q 72. Qg3 Qxh5+ 73. Kg2 Qhh1+ 74. Kf2 Qae1# 0-1

[Event "ICS rated blitz match"]
[Site "207.99.83.227"]
[Date "1999.04.02"]
[Round "?"]
[White "ColonialPast"]
[Black "Hossa"]
[Result "1-0"]
[WhiteElo "2093"]
[BlackElo "2482"]
[Annotator "Crafty v16.6"]
[PlyCount "327"]

{annotating for player Hossa using a scoring margin of +0.10 pawns. search
time limit is 12.00} 1. e4 1... c5 2. Nf3 Nc6 3. d4 cxd4 4. Nxd4 Qb6 5. Nxc6
Qxc6 6. Bd3 Nf6 7. Nc3 e5 ({9:-0.58} 7... e5 8. O-O Be7 9. Bb5 Qe6 10. Nd5 O-O
11. Nxe7+ Qxe7 12. Bg5 12... Rd8 $14) ({9:-0.33} 7... e6 8. O-O Bd6 9. Nb5 O-O
10. Nxd6 Qxd6 11. Qe2 Qd4 12. e5 $14) 8. O-O Bb4 9. Bd2 Bxc3 ({9:-0.64} 9...
Bxc3 10. Bxc3 d6 11. Qd2 O-O 12. Rae1 Bg4 13. Qg5 Qc5 14. Re3 $14) ({9:-0.53} 
9... Be7 10. Qf3 O-O 11. Nd5 Bd8 12. Rae1 Nxd5 13. exd5 Qf6 14. Qh5 $14) 10.
Bxc3 d6 11. f3 O-O 12. Kh1 Be6 13. Bd2 d5 14. exd5 Qxd5 ({9:-0.34} 14... Qxd5
15. Re1 Nd7 16. Bc3 Rfb8 17. Qe2 f6 18. Qe4 Nf8 19. Qxd5 19... Bxd5 $14) ({
9:+0.11} 14... Bxd5 15. Qe2 e4 16. fxe4 Nxe4 17. c4 Nxd2 18. cxd5 Qh6 19. Rfd1
$10) 15. Bg5 e4 16. Bxf6 exd3 17. Bc3 Rfd8 18. cxd3 Qxd3 19. Qxd3 Rxd3 20. a3
Rad8 21. Rfe1 Bb3 22. Kg1 h5 23. Kf2 Kh7 24. Re7 R8d7 25. Rae1 Rxe7 26. Rxe7
Bd5 27. Re5 Kg6 28. h4 f6 29. Re2 Kf7 30. Rd2 Rxd2+ 31. Bxd2 Bb3 32. Ke3 g5 33.
g3 b6 34. f4 gxh4 35. gxh4 Ke6 36. Bb4 a6 37. Bf8 a5 38. Bh6 Kf7 39. Ke4 a4 40.
f5 Bc2+ 41. Kf4 Bb1 42. Kf3 Bxf5 43. Be3 b5 44. Kf4 Ke6 45. Bd4 Bc2 46. Bc3 Bb3
47. Bd4 Kf7 48. Bc3 Kg6 49. Bd4 Bd1 50. Bc3 Kf7 51. Bd4 Be2 52. Bc3 Bc4 53. Bd4
Ke6 54. Bc3 Bd5 55. Bd4 Bb3 56. Bc3 Bc4 57. Bd4 Bd5 58. Bc3 Kf7 59. Bd4 Kg6 60.
Bc3 Bc4 61. Bd4 Bb3 62. Bc3 Bd5 63. Bd4 Kf7 64. Bc3 Bg2 65. Bd4 Ke6 66. Bc3 Bf1
67. Bd4 Be2 68. Bc3 Bd3 69. Bd4 Bf5 70. Bc3 Bc2 71. Bd4 Bd1 72. Bc3 Be2 73. Bd4
Bd3 74. Bc3 Bh7 75. Bd4 Bb1 76. Bc3 Kf7 77. Bd4 Ba2 78. Bc3 Bb3 79. Bd4 Bc2 80.
Bc3 Kg6 81. Bd4 Bf5 82. Bc3 Bb1 83. Bd4 Bc2 84. Bc3 Bf5 85. Bd4 Bc8 86. Bc3 Be6
87. Bd4 Bg4 88. Bc3 Kf7 89. Bd4 Bd7 90. Bc3 Bh3 91. Bd4 Bc8 92. Bc3 Kg6 93. Bd4
f5 94. Bc3 Bb7 95. Bd4 Bg2 96. Bc3 Be4 97. Bd4 Bc2 98. Bc3 Bd1 99. Bd4 Bb3 100.
Bc3 Bd5 101. Bd4 Be4 102. Bc3 Bd3 103. Bd4 Bf1 104. Bc3 Bc4 105. Bd4 Bd5 106.
Bc3 Bb3 107. Bd4 Be6 108. Bc3 Bf7 109. Bd4 Be8 110. Bc3 Bd7 111. Bd4 Bc6 112.
Bc3 Bg2 113. Bd4 Bh3 114. Bc3 Bf1 115. Bd4 Bd3 116. Bc3 Be2 117. Bd4 Bc4 118.
Bc3 Be6 119. Bd4 Bd7 120. Bc3 Bc6 121. Bd4 Ba8 122. Bc3 Bh1 123. Bd4 Bb7 124.
Bc3 Ba8 125. Bd4 b4 126. axb4 Bc6 127. Bc3 Bd5 128. b5 Bc4 129. b6 Bd5 130. Bd4
Be4 131. Bc3 Bh1 132. Ke5 Bg2 133. Bd2 Bh1 134. Bg5 Be4 135. Kd6 f4 136. Bxf4
Kf5 137. Bg5 Bf3 138. Kc7 Ke6 139. b7 Bxb7 140. Kxb7 Kd5 141. Kb6 Kc4 142. Ka5
Kb3 143. Bf6 a3 144. bxa3 Kxa3 145. Kb5 Kb3 146. Kc5 Kc2 147. Kd5 Kd3 148. Ke5
Kc4 149. Kf5 Kd5 150. Kg5 Ke6 151. Ba1 Kd5 152. Kxh5 Ke4 153. Kg6 Kf4 154. h5
Kg4 155. h6 Kh4 156. h7 Kg4 157. h8=Q Kf4 158. Qh5 Kg3 159. Kf5 Kf2 160. Qh3
Kg1 161. Kf4 Kf2 162. Qh2+ Ke1 163. Ke3 Kf1 164. Qf2# 1-0

[Event "ICS rated blitz match"]
[Site "207.99.83.227"]
[Date "1999.04.02"]
[Round "?"]
[White "Hossa"]
[Black "Cohen"]
[Result "0-1"]
[WhiteElo "2454"]
[BlackElo "2135"]
[Annotator "Crafty v16.6"]
[PlyCount "148"]

{annotating for player Hossa using a scoring margin of +0.10 pawns. search
time limit is 12.00} 1. e4 1... e5 2. Nf3 Nc6 3. Bb5 a6 4. Bxc6 dxc6 5. O-O Qd6
6. d4 exd4 7. Nxd4 Bd7 8. e5 Qg6 9. Be3 Ne7 10. Nc3 Nf5 11. Nxf5 Bxf5 12. Rc1
Bb4 13. Ne2 ({8:-0.41} 13. Ne2 13... Rd8 14. Bd4 O-O 15. c3 Be7 16. Ng3 16...
Bd3 $15) ({8:-0.27} 13. Na4 13... O-O 14. Qe2 Rad8 15. Nc5 Rd5 16. Nxb7 16...
Rxe5 $10) 13... Rd8 14. Bd4 c5 15. c3 cxd4 16. Qa4+ c6 17. Qxb4 d3 18. Ng3 d2
19. Nxf5 Qxf5 20. Rcd1 Qd3 21. Qxb7 O-O 22. Qxc6 Rd5 23. e6 fxe6 24. Qxe6+ Kh8
25. Qe7 Rfd8 26. Qb4 h6 27. Qb3 Qe2 28. Qb6 Qd3 29. Qc7 R8d7 30. Qc6 Qc2 31.
Qxa6 Qxb2 32. c4 Rd3 33. a4 Qc2 34. Qc6 R3d4 35. c5 Qxa4 36. Qc8+ Rd8 37. Qc7
R4d7 38. Qb6 Re8 39. h3 Qxd1 40. Rxd1 Re1+ 41. Kh2 Rxd1 42. Qb8+ Kh7 43. Qb5
Rh1+ 44. Kxh1 d1=Q+ 45. Kh2 Qd5 46. Qb1+ g6 47. Qc1 Rc7 48. Qe3 Qxc5 49. Qd2
Qe5+ 50. f4 Qf5 51. Qd4 Rf7 52. Kg3 Rd7 53. Qb4 Qd3+ 54. Kh2 Qd5 55. Qc3 Rf7
56. Qe3 Qf5 57. Kg3 g5 58. fxg5 Qxg5+ 59. Qxg5 hxg5 60. Kh2 Kg6 61. Kh1 g4 62.
Kh2 Kg5 63. h4+ Kh5 64. g3 Rf2+ 65. Kg1 Rc2 66. Kh1 Kg6 67. h5+ Kxh5 68. Kg1
Kg5 69. Kh1 Kf5 70. Kg1 Ke4 71. Kf1 Ke3 72. Kg1 Kf3 73. Kh1 Kxg3 74. Kg1 Rc1#
0-1

[Event "ICS Rated bullet match"]
[Site "207.99.83.227"]
[Date "1999.04.02"]
[Round "?"]
[White "Hossa"]
[Black "JSBach"]
[Result "1-0"]
[WhiteElo "2455"]
[BlackElo "2214"]
[PlyCount "127"]

1. e4 e5 2. Nf3 Qf6 3. Bd3 Bc5 4. Nc3 Ne7 5. Na4 Bd6 6. O-O O-O 7. Bc4 Nbc6 8.
d3 h6 9. Bd2 b6 10. Nc3 a6 11. Qe2 Bc5 12. Rae1 b5 13. Nd5 Qd6 14. Bb3 Bb7 15.
Be3 Bxe3 16. Qxe3 Na5 17. Nxe7+ Qxe7 18. Bd5 Rae8 19. Bxb7 Nxb7 20. Qa7 Rb8 21.
Qxa6 Nc5 22. Qa5 Rb7 23. Qc3 Re8 24. a3 Na4 25. Qb3 Kf8 26. d4 exd4 27. Qd5 c6
28. Qxd4 Qe6 29. b3 Nb6 30. Nh4 Qe7 31. Nf5 Qe5 32. Qb4+ Kg8 33. Nd6 Rbb8 34.
Nxe8 Qxe8 35. Qd6 Rd8 36. Qd4 Rb8 37. Re3 Qe6 38. Rg3 g5 39. f4 Qg6 40. fxg5
hxg5 41. Qe5 d6 42. Qxg5 Qxg5 43. Rxg5+ Kf8 44. Rgf5 Rb7 45. Rf6 Nc8 46. h4 Ke8
47. h5 Kf8 48. g4 Ke8 49. h6 Kf8 50. h7 Kg7 51. Rxf7+ Rxf7 52. Rxf7+ Kh8 53. g5
Ne7 54. Rxe7 d5 55. exd5 cxd5 56. g6 d4 57. Rb7 d3 58. cxd3 b4 59. Rb8+ Kg7 60.
h8=Q+ Kxg6 61. Rb6+ Kf5 62. Qh5+ Kf4 63. Kf2 bxa3 64. Rf6# {JSBach checkmated}
1-0

[Event "ICS rated blitz match"]
[Site "207.99.83.227"]
[Date "1999.04.02"]
[Round "?"]
[White "TDChess"]
[Black "Hossa"]
[Result "0-1"]
[WhiteElo "2584"]
[BlackElo "2426"]
[PlyCount "78"]

1. Nf3 d5 2. d4 Nf6 3. c4 e6 4. e3 Be7 5. Bd3 O-O 6. O-O dxc4 7. Bxc4 a6 8. Nc3
b5 9. Bd3 Bb7 10. a4 b4 11. Na2 c5 12. Re1 Nc6 13. dxc5 Bxc5 14. Qc2 Qd5 15. e4
Qh5 16. e5 Nd7 17. Bf4 Rac8 18. Qe2 b3 19. Nc3 Qg4 20. Bxh7+ Kh8 21. Bg3 g6 22.
Qd2 Nd4 23. Nxd4 Bxd4 24. Ne4 Bxe4 25. Qxd4 Nc5 26. Rac1 Bf5 27. Qxg4 Bxg4 28.
Rc3 Bf5 29. Bxg6 fxg6 30. Rec1 Bc2 31. Rc4 Nd3 32. Rh4+ Kg8 33. Rf1 Nxb2 34.
Rb4 Nd3 35. Rb6 Rb8 36. Rxe6 b2 37. Rxg6+ Kh7 38. Rf6 Rxf6 39. exf6 39... b1=Q
{TDChess resigns} 0-1